| 000 | 00760nam a2200265 a 4500 | ||
|---|---|---|---|
| 999 |
_c110 _d110 |
||
| 001 | 110 | ||
| 003 | BD-JhCC | ||
| 005 | 20170928162226.0 | ||
| 008 | 170928s2005 a|||| ||a| 000 0 eng d | ||
| 020 | _a0521687233 | ||
| 020 | _a9780521687232 | ||
| 035 | _a(BD-JhCC)110 | ||
| 040 |
_aBD-JhCC _dBD-JhCC |
||
| 041 | _aeng | ||
| 082 |
_222 _a428.24 _bMCC 2010 |
||
| 100 | _aMcCarthy, Michael. | ||
| 245 |
_aEnglish Collocations in Use: _cMichael McCarthy and Felicity ODell |
||
| 260 |
_aCambridge : _bCambridge University Press, _c2010 |
||
| 300 |
_a190p. : _bill. ; _c26 cm. |
||
| 504 | _aincludes index | ||
| 650 | _xEnglish language -- Textbooks for foreign speakers. | ||
| 700 | _aOdell, Felicity. | ||
| 942 |
_2ddc _cBK |
||